| 000 | 00649nam a2200217 a 4500 | ||
|---|---|---|---|
| 999 |
_c2743 _d2743 |
||
| 001 | 2743 | ||
| 003 | BD-JhCC | ||
| 005 | 20171106170819.0 | ||
| 008 | 171106s bg |||| ||a| 000 0 ben d | ||
| 035 | _a(BD-JhCC)2743 | ||
| 040 |
_aBD-JhCC _dBD-JhCC |
||
| 041 | _aben | ||
| 082 |
_a583.74 _bCHO |
||
| 100 | _aচৌধুরী, সোমেশ্বর প্রসাদ | ||
| 245 |
_aনীলকর বিদ্রোহ / _cসোমেশ্বর প্রসাদ চৌধুরী |
||
| 260 |
_aকলকাতা : _bঅধয়ন, |
||
| 300 |
_a142 p. : _c21cm. |
||
| 650 | _aIndigo Movement | ||
| 942 |
_2ddc _cBK |
||